5HLuxD.jpg

KING HENRY VIII SENIOR AND PRIMARY SCHOOL LIBRARY OPAC

BIG BLUE WHALE (Record no. 5992)

000 -LEADER
fixed length control field 00598nam a22002177a 4500
005 - DATE AND TIME OF LATEST TRANSACTION
control field 20260109101623.0
008 - FIXED-LENGTH DATA ELEMENTS--GENERAL INFORMATION
fixed length control field 260109b ||||| |||| 00| 0 eng d
020 ## - INTERNATIONAL STANDARD BOOK NUMBER
International Standard Book Number 9781406312577
040 ## - CATALOGING SOURCE
Transcribing agency KH8
082 ## - DEWEY DECIMAL CLASSIFICATION NUMBER
Classification number 599.5 DAV
100 ## - MAIN ENTRY--PERSONAL NAME
Personal name DAVIES,NICOLA
Relator term AUTHOR
245 ## - TITLE STATEMENT
Title BIG BLUE WHALE
260 ## - PUBLICATION, DISTRIBUTION, ETC.
Place of publication, distribution, etc. 87 Vauxhall Walk,London SE11 5HJ
Name of publisher, distributor, etc. Walker Books Ltd
Date of publication, distribution, etc. 2008
300 ## - PHYSICAL DESCRIPTION
Extent pages
Other physical details Colour illustration
Dimensions 24 cm x 27 cm
520 ## - SUMMARY, ETC.
Summary, etc. Learn about the Big Blue Whale!
650 ## - SUBJECT ADDED ENTRY--TOPICAL TERM
Topical term or geographic name entry element Juvenile Non Fiction
655 ## - INDEX TERM--GENRE/FORM
Genre/form data or focus term Marine Life
655 ## - INDEX TERM--GENRE/FORM
Genre/form data or focus term Mammals
655 ## - INDEX TERM--GENRE/FORM
Genre/form data or focus term Zoology
942 ## - ADDED ENTRY ELEMENTS (KOHA)
Source of classification or shelving scheme
Koha item type Books - Non Ficton
Holdings
Withdrawn status Lost status Source of classification or shelving scheme Damaged status Not for loan Collection code Permanent Location Current Location Shelving location Date acquired Full call number Barcode Date last seen Price effective from Koha item type Public note
          Non-Fiction KH8 Primary School Library KH8 Primary School Library Non Fiction 2026-01-09 599.5 DAV KHPL000008062 2026-01-09 2026-01-09 Books - Non Ficton PRIMARY LIBRARY

Powered By KH8 IT Dept